| 000 | 01669cam a2200385 i 4500 | ||
|---|---|---|---|
| 001 | xx001041420 | ||
| 003 | NUKAT | ||
| 005 | 20260306135705.0 | ||
| 008 | 080117s1872 pl j f |000 0 pol c | ||
| 035 | _a(OCoLC)749607229 | ||
| 035 | _a(NUKAT)xx001041420 | ||
| 040 |
_aPOZN U/MW _cPOZN U/MW _dPOZN U/RD _dPOZN U/JŁs |
||
| 041 | 0 |
_apol _ager |
|
| 099 | _atn_579087 | ||
| 100 | 1 |
_aŁawicki, Józef. _937609 |
|
| 245 | 1 | 0 |
_aWypisy do tłómaczenia z niemieckiego na polskie i z polskiego na niemieckie z słowniczkiem niemiecko-polskim i polsko-niemieckim / _cułożone przez Józefa Ławickiego. |
| 246 | 3 | _aWypisy do tłumaczenia z niemieckiego na polski | |
| 250 |
_a3 wyd. popr. i pomnożone krótką gramatyką oraz kawałkami niem. i pol. / _bprzez N.P. |
||
| 260 |
_aGniezno [etc.] : _bJ.B. Lange [etc.], _c1872 _e(Warszawa : _fJ. B. Lange). |
||
| 300 |
_a[5], VI, 466 s. : _berr. ; _c18 cm. |
||
| 336 |
_aTekst _btxt _2rdacontent |
||
| 337 |
_aBez urządzenia pośredniczącego _bn _2rdamedia |
||
| 338 |
_aWolumin _bnc _2rdacarrier |
||
| 500 | _aPismo częśc. gotyckie. | ||
| 510 | 4 |
_aEstr. XIX, _ct. 3, s. 8. |
|
| 521 | 8 | _aDla niższych klas gimnazjalnych i realnych, tudzież wyższych szkół miejskich. | |
| 546 | _aTekst częśc. niem. | ||
| 650 | 7 |
_aJęzyk polski _vlektury i wypisy. _2kaba _937611 |
|
| 650 | 7 |
_aJęzyk niemiecki _vlektury i wypisy. _2kaba _937612 |
|
| 650 | 7 |
_aJęzyk niemiecki _xgramatyka _vpodręczniki dla polskojęzycznych. _2kaba _937613 |
|
| 650 | 4 |
_aJęzyk niemiecki _vsłowniki polskie. _2kaba _97671 |
|
| 650 | 7 |
_aJęzyk polski _vsłowniki niemieckie. _2kaba _937614 |
|
| 700 | 0 |
_aN. P. _eOprac. _937610 |
|
| 942 |
_2ddc _cBK_NM |
||
| 999 |
_c26843 _d26843 |
||